| 000 | 00327nam a22001217a 4500 | ||
|---|---|---|---|
| 020 | _a0-442-01849-5 | ||
| 082 | _a004.692 MAD'L | ||
| 100 |
_aMADRON, THOMAS W _967319 |
||
| 245 | _aLOW COST E-MAIL WITH UUCP , INTERGRATING UNIX DOS WINDOWS AND MAC | ||
| 260 |
_aNEWYORK _bVAN NOSTRAND _c1995 |
||
| 300 | _aXV, 411P | ||
| 942 | _cBK | ||
| 999 |
_c575410 _d575410 |
||